Statistics for The Mummy Trivia

Click here to take the quiz!

General Stats

  • This quiz has been taken 69 times
    (33 since last reset)
  • The average score is 5 of 7

Answer Stats

HintAnswer% Correct
O,Connel's First NameRick
97%
Female ProtagonistEvelyn Carnahan
90%
Flesh-eating beetleScarab
79%
TraitorBenny
72%
The MummyImhotep
69%
Pharaoh who was MurderedSeti
45%
Killed in a SandstormWinston
38%

Score Distribution

Percentile by Number Answered

Percent of People with Each Score

Your Score History

You have not taken this quiz since the last reset